LEADER 02771nam 2200625 450 001 9910480879903321 005 20170822144307.0 010 $a0-8218-9016-6 035 $a(CKB)3360000000464087 035 $a(EBL)3114363 035 $a(SSID)ssj0000889039 035 $a(PQKBManifestationID)11525293 035 $a(PQKBTitleCode)TC0000889039 035 $a(PQKBWorkID)10881937 035 $a(PQKB)11165627 035 $a(MiAaPQ)EBC3114363 035 $a(PPN)195419162 035 $a(EXLCZ)993360000000464087 100 $a20150416h20112011 uy 0 101 0 $aeng 135 $aur|n|---||||| 181 $ctxt 182 $cc 183 $acr 200 14$aThe Lin-Ni's problem for mean convex domains /$fOlivier Druet, Fre?de?ric Robert, Juncheng Wei 210 1$aProvidence, Rhode Island :$cAmerican Mathematical Society,$d2011. 210 4$dİ2011 215 $a1 online resource (105 p.) 225 1 $aMemoirs of the American Mathematical Society,$x0065-9266 ;$vVolume 218, Number 1027 300 $a"July 2012, Volume 218, Number 1027 (end of volume)." 311 $a0-8218-6909-4 320 $aIncludes bibliographical references. 327 $a""Contents""; ""Abstract""; ""Introduction""; ""Chapter 1. L-bounded solutions""; ""Chapter 2. Smooth domains and extensions of solutions to elliptic equations""; ""Chapter 3. Exhaustion of the concentration points""; ""Chapter 4. A first upper-estimate""; ""Chapter 5. A sharp upper-estimate""; ""Chapter 6. Asymptotic estimates in C1()""; ""Chapter 7. Convergence to singular harmonic functions""; ""1. Convergence at general scale""; ""2. Convergence at appropriate scale""; ""Chapter 8. Estimates of the interior blow-up rates""; ""Chapter 9. Estimates of the boundary blow-up rates"" 327 $a""Chapter 10. Proof of Theorems 1 and 2""""Appendix A. Construction and estimates on the Green's function""; ""Appendix B. Projection of the test functions""; ""Bibliography"" 410 0$aMemoirs of the American Mathematical Society ;$vVolume 218, Number 1027. 606 $aNeumann problem 606 $aDifferential equations, Elliptic 606 $aBlowing up (Algebraic geometry) 606 $aConvex domains 608 $aElectronic books. 615 0$aNeumann problem. 615 0$aDifferential equations, Elliptic. 615 0$aBlowing up (Algebraic geometry) 615 0$aConvex domains. 676 $a515/.3533 700 $aDruet$b Olivier$f1976-$0917951 702 $aRobert$b Fre?de?ric$f1974- 702 $aWei$b Juncheng$f1968- 801 0$bMiAaPQ 801 1$bMiAaPQ 801 2$bMiAaPQ 906 $aBOOK 912 $a9910480879903321 996 $aThe Lin-Ni's problem for mean convex domains$92058269 997 $aUNINA LEADER 01666nam 2200373 n 450 001 996392379703316 005 20200824121805.0 035 $a(CKB)4940000000107719 035 $a(EEBO)2240941007 035 $a(UnM)99862144e 035 $a(UnM)99862144 035 $a(EXLCZ)994940000000107719 100 $a19920918d1647 uy | 101 0 $aeng 135 $aurbn||||a|bb| 200 10$aIX proposals by way of interrogation, to the generall, officers, and souldiers in the army$b[electronic resource] $econcerning the justness of their late proceedings in law or conscience against, and contrary to the Parliament, tending to reduce them to their former loyalty and obedience; by discovering the injustice, unreasonableness, and dangerousness of their proceedings and demands, wherein they still persist, onely to pick a quarrell with the Parliament, without any reall cause 210 $aLondon $c[s.n.$dPrinted, 1647] 215 $a11, [1] p 300 $aAttributed to William Prynne by Wing. 300 $aImprint from Wing. 300 $aAnnotation on Thomason copy: "July 2d 1647". 300 $aImperfect: trimmed at foot, affecting imprint. 300 $aReproduction of the original in the British Library. 330 $aeebo-0018 607 $aGreat Britain$xHistory$yCivil War, 1642-1649$vEarly works to 1800 700 $aPrynne$b William$f1600-1669.$0198500 801 0$bCu-RivES 801 1$bCu-RivES 801 2$bCStRLIN 801 2$bWaOLN 906 $aBOOK 912 $a996392379703316 996 $aIX proposals by way of interrogation, to the generall, officers, and souldiers in the army$92347138 997 $aUNISA LEADER 01517nam 2200481 450 001 9910148707203321 005 20160421133746.0 010 $a1-62257-838-4 035 $a(CKB)3710000000922367 035 $a(MiAaPQ)EBC4743913 035 $a(EXLCZ)993710000000922367 100 $a20130423h20132013 uy| 0 101 0 $aeng 135 $aurcnu|||||||| 181 $2rdacontent 182 $2rdamedia 183 $2rdacarrier 200 00$aFinancial planners, investment advisers and broker-dealers $eoversight and access to registration information /$fTaylor Davis and Graham S. Crawford, editors 210 1$aNew York :$cNovinka,$d[2013] 210 4$dİ2013 215 $a1 online resource (89 pages) 225 1 $aFinancial institutions and services 311 $a1-62257-837-6 320 $aIncludes bibliographical references and index. 410 0$aFinancial institutions and services. 606 $aFinancial planning industry 606 $aFinancial planners 606 $aInvestment advisors 606 $aBrokers 615 0$aFinancial planning industry. 615 0$aFinancial planners. 615 0$aInvestment advisors. 615 0$aBrokers. 676 $a332.6 702 $aDavis$b Taylor$c(Business writer), 702 $aCrawford$b Graham S. 801 0$bMiAaPQ 801 1$bMiAaPQ 801 2$bMiAaPQ 906 $aBOOK 912 $a9910148707203321 996 $aFinancial planners, investment advisers and broker-dealers$92877627 997 $aUNINA